• 首页
  • 本馆介绍
  • 公告通知
  • 最新文献
  • 馆藏检索
  • 电子资源
  • 读者导购
  • 参考咨询
  • 我的图书馆
  • 登录
  • 详细信息显示
  • 放入我的书架
  • 预约/预借图书
  • 作者相关作品
  • 分类相关作品
  • 丛书相关作品
  • 出版社相关作品

书目信息

  • 表格格式
  • 工作单格式
  • 卡片格式
题名:
为创业而生
    
 
作者: 马斯卡拉 , 陈耿宣 著
分册:  
出版信息: 北京   中国人民大学出版社  2017
页数: 12,194页
开本: 23cm
丛书名:
单 册:
中图分类: F272.2
科图分类:
主题词: 创业--基本知识
电子资源:
ISBN: 978-7-300-24868-4
000 00966nam0 2200253 450
001 012001004515
005 20140928162349.0
010    @a978-7-300-24868-4@dCNY55.00
100    @a20180315d2017 em y0chiy50 ea
101 1  @achi@ceng
102    @aCN@b110000
105    @aa z 000yy
106    @ar
200 1  @a为创业而生@9wei chuang ye er sheng@e写给创业者的创业书@dEntrepreneur's handbook@e干货版@f(美)潘卡基·马斯卡拉(Pankaj Maskara),陈耿宣著@zeng
210    @a北京@c中国人民大学出版社@d2017
215    @a12,194页@c图@d23cm
330    @a本书共分10章,内容包括:创业的定义、创业机会、关于创业的思考、商业计划书的撰写、融资、精益思想、财务规划、企业组织、公司金融等。
510 1  @aEntrepreneur's handbook@zeng
606 0  @a创业@x基本知识
690    @aF272.2@v5
701  0 @c(美)@a马斯卡拉@9ma si ka la@c(Maskara, Pankaj)@4著
701  0 @a陈耿宣@9chen geng xuan@c(经济学)@4著
801  0 @aCN@b上海新华@c20180901
905    @b1166347-51@dF272.2@e1621@f5
    
    为创业而生:写给创业者的创业书=Entrepreneur's handbook:干货版/(美)潘卡基·马斯卡拉(Pankaj Maskara),陈耿宣著.-北京:中国人民大学出版社,2017
    12,194页:图;23cm
    
    
    ISBN 978-7-300-24868-4:CNY55.00
    本书共分10章,内容包括:创业的定义、创业机会、关于创业的思考、商业计划书的撰写、融资、精益思想、财务规划、企业组织、公司金融等。
●
相关链接 在E读中查询图书 在五车中查询图书 在当当中查询图书 在豆瓣中查询图书


正题名:为创业而生     索取号:F272.2/1621         预约/预借

序号 登录号 条形码 馆藏地/架位号 状态 备注
1 1166347   211663476   第一样本阅览室/ [索取号:F272.2/1621] 在馆    
2 1166348   211663485   密集书库-海洋学院/ [索取号:F272.2/1621] 在馆    
3 1166349   211663494   第一借阅区/ [索取号:F272.2/1621] 在馆    
4 1166350   211663500   第一借阅区/ [索取号:F272.2/1621] 在馆    
5 1166351   211663519   第一借阅区/ [索取号:F272.2/1621] 在馆    
唐山师范学院图书馆 欢迎您!
大连网信软件有限公司© 版权所有